Nouvelles tendances: les avant-gardes de la fin du XXe siecle; ouvrage publié a l' occasion de l' exposition

Uloženo v:
Podrobná bibliografie
Médium: Kniha
Jazyk:francouzština
Vydáno: París Centre Georges Pompidou 1986
Témata:
Tagy: Přidat tag
Žádné tagy, Buďte první, kdo vytvoří štítek k tomuto záznamu!

MARC

LEADER 00000nam a2200000 a 4500
001 UCV9939
003 CL-VaPUC
008 930804e19860000FR |||||||||||||||||fre|d
082 0 4 |a 745.4442  |b NOU  |2 21 
245 1 0 |a Nouvelles tendances: les avant-gardes de la fin du XXe siecle; ouvrage publié a l' occasion de l' exposition 
300 |a 215 p 
942 |c BK 
945 |d 19930804 00:00:00 
260 |a París  |b Centre Georges Pompidou  |c 1986 
650 0 |a Diseño  |9 260483 
650 0 |a Exposiciones  |9 265884 
583 |a last modification  |c 19930804 00:00:00  |k Rodrigo Vera 
999 |c 215209  |d 215207 
952 |0 0  |1 0  |4 0  |6 745_444200000000000_NOU_1986  |7 0  |8 A  |9 199242  |a BIBARQ  |b BIBARQ  |d 2019-11-14  |i 2665565  |o 745.4442 NOU 1986  |p 2665565  |r 2025-01-20  |w 2019-11-14  |y BK  |k ARQ